| 000 | 00585nam a22001457a 4500 | ||
|---|---|---|---|
| 999 |
_c113499 _d113499 |
||
| 005 | 20190806120321.0 | ||
| 008 | 190806b ||||| |||| 00| 0 eng d | ||
| 040 | _cPK-LaUMT | ||
| 082 |
_aRHC 891.439317 _bRAH-U |
||
| 100 | _aRaheela Bashir = راحیلہ بشیر | ||
| 245 |
_aUrdu afsanay men khair o shar ka tasawwar (qiyyam e Pakistan ke bad) = اردو افسانے میں خیروشر کا تصور ( قیام پاکستان کے بعد ) / _cby Raheela Bashir = راحیلہ بشیر |
||
| 260 |
_aFaisalabad : _bMisaal Publishers, _c2015 |
||
| 300 | _a432 p. | ||
| 942 | _cBK | ||